Statistiques concernant Filmographie de Friedrich Wilhelm Murnau

Cliquez ici pour prendre le quiz!

Statistiques générales

  • Ce quiz a été pris 2 fois
  • Le résultat moyen est 7 sur 21

Statistiques - réponses

HintRéponse% Correct
1926Faust, une légende allemande
100%
1924Le Dernier des hommes
100%
1930L'Intruse
100%
1922Nosferatu le vampire
100%
1931Tabou
100%
1922La Terre qui flambe
50%
1927L'Aurore
50%
1922Le Fantôme
50%
1926Tartuffe
50%
1919Der Knabe in Blau
0%
1921La Découverte d'un secret
0%
1920La Marche dans la nuit
0%
1920Le Bossu et la Danseuse ou Le Baiser vert
0%
1920Le Crime du docteur Warren
0%
1920L'Émeraude fatale
0%
1924Les Finances du grand-duc
0%
1928Les Quatre Diables
0%
1923L'Expulsion
0%
1922Marizza, genannt die Schmugglermadonna
0%
1919Satanas
0%
1921Sehnsucht
0%

Distribution des résultats

Percentile par nombre de réponses

% des personnes avec chaque résultat

Votre développement - résultats

Vous n’avez pas pris ce quiz